000 00837nam a2200205 a 4500
001 000024252
005 20200930022840.0
008 110125s2010 dr 000 0 spa d
040 _aDO-SdBNP
_bspa
_cBNPHU
082 _a345.05
_bR426s
110 1 _aRepública Dominicana.
_bSuprema Corte de Justicia.
_97906
245 1 4 _aLas principales decisiones de las cámaras de reuniones de la Suprema Corte de Justicia en materia penal , durante la vigencia del Código Procesal Penal 2005-2009.
260 _aSanto Domingo :
_bSuprema Corte de Justicia,
_c2010.
300 _a592 p. ;
_c22 cm.
500 _aIncluye índice cronológico
590 _aInventariado,2018/DG
650 4 _aProcedimiento penal
_zRepública Dominicana
_914474
650 4 _aDerecho penal
_zRepública Dominicana
_916470
910 _aValidado. Control de calidad MFF
999 _c23746
_d23746